Romances de Castilla / (Record no. 114842)
[ view plain ]
| 000 -LEADER | |
|---|---|
| campo de control de longitud fija | 00930nam a2200241 i 4500 |
| 001 - NÚMERO DE CONTROL | |
| campo de control | 114842 |
| 003 - IDENTIFICADOR DE NÚMERO DE CONTROL | |
| campo de control | ES-MaACL |
| 005 - FECHA Y HORA DE LA ÚLTIMA TRANSACCIÓN | |
| campo de control | 20250928131508.0 |
| 007 - CAMPO FIJO DE DESCRIPCIÓN FÍSICA--INFORMACIÓN GENERAL | |
| campo de control de longitud fija | t| |
| 008 - DATOS DE LONGITUD FIJA--INFORMACIÓN GENERAL | |
| campo de control de longitud fija | 070403s1982 sp ||||1| spa d |
| 020 ## - NÚMERO INTERNACIONAL ESTÁNDAR DEL LIBRO | |
| Número Internacional Estándar del Libro | 84-500-5394-3 |
| 080 ## - NÚMERO DE LA CLASIFICACIÓN DECIMAL UNIVERSAL | |
| Número de la Clasificación Decimal Universal | 860-146.2(082.2) |
| 245 00 - MENCIÓN DEL TÍTULO | |
| Título | Romances de Castilla / |
| Mención de responsabilidad, etc. | [selección], Narciso Alonso-Cortés ; prólogo de Angel Manteca Alonso-Cortés. |
| 260 ## - PUBLICACIÓN, DISTRIBUCIÓN, ETC. | |
| Lugar de publicación, distribución, etc. | Valladolid : |
| Nombre del editor, distribuidor, etc. | Institución Cultural Simancas, Diputación Provincial, |
| Fecha de publicación, distribución, etc. | 1982. |
| 300 ## - DESCRIPCIÓN FÍSICA | |
| Extensión | 285 p. : |
| Otras características físicas | il. ; |
| Dimensiones | 25 cm. |
| 534 ## - NOTA SOBRE LA VERSIÓN ORIGINAL | |
| Frase introductoria | Reproducción facsímil de la ed. de: |
| Publicación, distribución, etc. del original | -- Valladolid : Establecimiento Tipográfico de Eduardo Sènz, 1906. |
| 650 14 - PUNTO DE ACCESO ADICIONAL DE MATERIA--TÉRMINO DE MATERIA | |
| Término de materia o nombre geográfico como elemento de entrada | Romances- |
| Subdivisión geográfica | España. |
| 9 (RLIN) | 16935 |
| 700 1# - ENTRADA AGREGADA--NOMBRE PERSONAL | |
| Nombre de persona | Alonso Cortés, Narciso, |
| Fechas asociadas al nombre | 1875-1972 |
| 9 (RLIN) | 20277 |
| 700 1# - ENTRADA AGREGADA--NOMBRE PERSONAL | |
| Nombre de persona | Alonso-Cortés, Angel. |
| 9 (RLIN) | 20273 |
| 710 2# - ENTRADA AGREGADA--NOMBRE DE ENTIDAD CORPORATIVA | |
| Nombre de entidad corporativa o nombre de jurisdicción como elemento de entrada | Institución Cultural Simancas (Valladolid) |
| 9 (RLIN) | 4717 |
| 852 ## - LOCALIZACIÓN | |
| Ubicación | ES-MaACL |
| Número de control de estantería | L-1920 |
| Sublocalización o colección | R.103152 |
| Estatus retirado | Estado de pérdida | Estado de daño | No para préstamo | Biblioteca de origen | Biblioteca actual | Ubicación en estantería | Fecha de adquisición | Fuente de adquisición | Total de préstamos | Signatura topográfica completa | Código de barras | Visto por última vez | Precio de reemplazo | Tipo de ítem Koha |
|---|---|---|---|---|---|---|---|---|---|---|---|---|---|---|
| Biblioteca del Ateneo de Madrid | Biblioteca del Ateneo de Madrid | Depósito 2 | 17/01/2008 | L-1920 | 1119758 | 23/02/2023 | 23/02/2023 | Libro impreso |
